MDQL
is popping MORE tags! Check the
thread
!
Quizzes
Events
Quiz Creation
Community
Videos
Private Events
Remove Ads
Sign In
Join for FREE
Feedback
Dark Mode
Quiz Categories
Sports
Geography
Music
Movies
Television
Just For Fun
Miscellaneous
History
Literature
Language
Science
Gaming
Entertainment
Religion
Holiday
For Kids
Quiz Lab
Recent
Popular Today
Quiz Kudos Today
Editor Picks
Curator Picks
Quizzes by...
Day
Popularity
Type
Ratings
Length
Year
Community
Subscriptions
Recent Discussions
Orange Saloon
Badges
Playlists
Quests
Create
Leaderboards
Showdown
Live 5
Trivia Bingo
Activity
Puzzle Library
Sporcle Events
Private Events
Virtual Trivia
Globe League
Become a Host
Pub Owners
SporcleCon
Opinionation
Our Games
Videos
Blog
Mobile Apps
Partnerships
Remove Ads and Go Orange
Feedback
Miscellaneous
Crossword
General Knowledge
Baby Names
Logo
Food
Cars
Numbers
Grab Bag
University
College
Popular
Company
Slogans
Restaurants
Justice
Letter
Miscellaneous
Crossword
General Knowledge
Baby Names
Logo
Food
Cars
Numbers
Grab Bag
University
College
Popular
Company
Slogans
Restaurants
Justice
Letter
Random Quiz
Search Sporcle
×
Quiz Lab
Quiz Lab
Miscellaneous
Canada
Type in answers that appear in a list
Type in answers that appear in a list
Classic
Best Score? Go Orange.
Cabinet of Canada, 41st Parliament Stats
Can you name the Cabinet of Canada as of June 2011?
By
JWC
10m
39 Questions
92 Plays
92 Plays
92 Plays
Comments
Comments
Give Quiz Kudos
Give Quiz Kudos
-
- Ratings
hide this ad
More Info
Replay
Link that replays current quiz
Next Quiz
Link to next quiz in quiz playlist
You Got
0%
They Got
Avg Score
68%
Avg Friend Score
Upgrade to see
Score Distribution
Jump to the score distribution portion of the page
Score
0/39
Timer
10:00
0
Plays Today
Province/Territory
Minister
% Correct
Alberta
Stephen Harper
92.4%
Alberta
Jason Kenney
89.1%
Ontario
John Baird
88%
Nova Scotia
Peter Gordon MacKay
85.9%
Alberta
Rona Ambrose
82.6%
Ontario
James Michael Flaherty
82.6%
Ontario
Tony Clement
81.5%
British Columbia
James Moore
81.5%
Ontario
Robert Douglas Nicholson
78.3%
Ontario
Lisa Raitt
77.2%
Nunavut
Leona Aglukkaq
76.1%
Prince Edward Island
Gail Shea
76.1%
Ontario
Peter Kent
72.8%
Manitoba
Vic Toews
71.7%
Ontario
Diane Finley
71.7%
Newfoundland and Labrador
Peter Penashue
70.7%
Quebec
Maxime Bernier
68.5%
Ontario
Julian Fantino
67.4%
Quebec
Christian Paradis
66.3%
Ontario
Joe Oliver
66.3%
Province/Territory
Minister
% Correct
Ontario
Beverly J. Oda
65.2%
Saskatchewan
Gerry Ritz
65.2%
British Columbia
John Duncan
65.2%
Quebec
Steven Blaney
64.1%
Ontario
Peter Van Loan
63%
Alberta
Tim Uppal
63%
Quebec
Denis Lebel
62%
British Columbia
Alice Wong
62%
Ontario
Gordon O'Connor
60.9%
Manitoba
Steven John Fletcher
60.9%
Ontario
Bal Gosal
60.9%
British Columbia
Edward Fast
58.7%
New Brunswick
Bernard Valcourt
58.7%
Ontario
Marjory LeBreton
57.6%
New Brunswick
Keith Ashfield
57.6%
Alberta
Diane Ablonczy
57.6%
Alberta
Ted Menzies
54.3%
Ontario
Gary Goodyear
53.3%
Saskatchewan
Lynne Yelich
52.2%
Quiz Playlist
Details
Report
Send in Message
Add To Playlist
More Info:
Ministers are listed in order of precedence.
Classic:
Type in answers that appear in a list
Last Updated: Feb 16, 2017
Quiz Scoreboard
CHALLENGE
Sign Up to Join the Scoreboard
Show All
Scores
Hide
Comments
May contain spoilers
Recently Published
1-10 Letter E Words III
by El_Dandy
Language
2m
Street Fighter Characters
by Artimus82
Gaming
60s
College Basketball Coaching Resumes
by pancakes188
Sports
9m
More to Explore
Quiz From the Vault
Featured Blog Post
Where Did the Easter Bunny Come From?
hide this ad
You Might Also Like...
Tags
Canada Quiz
Conservative
Harper
parliament
Today's Top Quizzes in Miscellaneous
Browse Miscellaneous
hide this ad
Today's Top Quizzes in Canada
Browse Canada
Top Contributed Quizzes in Miscellaneous
1
5-to-1: Fast Food
2
The JOE quick-fire general knowledge quiz: Day 174
3
The JOE quick-fire general knowledge quiz: Day 173
4
5-to-1: Cocktails
5
The JOE quick-fire general knowledge quiz: Day 172
6
9x9 Crossword: Disney Movie Titles
7
9x9 Crossword: Charlie and the Chocolate Factory
8
Sunday Crossword: Famous Bodies of Water
9
The JOE quick-fire general knowledge quiz: Day 171
10
9x9 Crossword: Flags
Explore More
Trending Topics
Marvel
Harry Potter
Disney
Kpop
Anime
NBA
Crossword
The Office
Pokémon
WWE
Puzzle
Song
Country
Soccer
NFL
hide this ad
More By:
JWC
Quiz
Plays
Rating
Category
Featured
Created
U.S. Hockey Scorers of the 90's
4,196
3.86
Sports
Nov 8, 2009
100 Most Influential Canadians
389
3.00
History
Dec 26, 2009
Cabinet of Canada, 41st Parliament
92
3.00
Miscellaneous
Jul 20, 2011
Go to Creator's Profile
Score Distribution
Quiz Creator Spotlight
JWC
Follow
Send a Message
Quizzes Created
-
Created Quiz Play Count
-
More By This Creator
Popular Quizzes Today
1
Find the US States - No Outlines Minefield
2
Find the Countries of Europe - No Outlines Minefield
3
The Countries of the World
4
Find the US States
5
Risky Map Clicking: Biggest States A-Z
6
US States
7
Popular People in 1961
8
Movies - When Are They Set?
More Miscellaneous Quizzes
World Cuisine 3: Cuba
Quiz Lab
Trending Quizzes
Risky Map Clicking: Least Populous States A-Z
1-10 Letter G Words
1-10 Letter F Words
Countries of the World: 200 Million BC
Risky Map Clicking: Next State Alphabetically
Recently Updated
Beyoncé Albums
pecheneg
Leaping Animals
pecheneg
Reality TV Shows (A-Z)
bhenderson79
Rickey Henderson's Hall of Fame Teammates
pecheneg
Champions League XIs: Arsenal
pecheneg
Quick Pick: Celebrities in WWE's Hall of Fame
aduchscher
A-Z Keypad Blitz II
pecheneg
Multiple Oscar Actors
pecheneg
Mystery Phrase Blitz: Oscar 'Best Actors'
pecheneg
F. Scott Fitzgerald Novels
LTH
Trending Topics
Kpop
NBA
Marvel
Anime
Disney
Harry Potter
Crossword
Country
The Office
Soccer
Pokémon
NFL
Puzzle
WWE
Song
Your Account Isn't Verified!
In order to create a playlist on Sporcle, you need to verify the email address you used during registration. Go to your
Sporcle Settings
to finish the process.
Report this User
Report this user for behavior that violates our
Community Guidelines
.
Details:
Send Report
Go to the Sporcle.com Mobile Site →
Comments